| 000 | 00824nam a2200205Ia 4500 | ||
|---|---|---|---|
| 001 | 15912 | ||
| 003 | GE_BSU | ||
| 008 | 181216s||||||||xx |||||||||||||| ||und|| | ||
| 040 | _cGE_BSU | ||
| 080 | _a821.353.1-1 + 821.353.1-11 | ||
| 100 | _aჭიჭინაძე, კონსტანტინე | ||
| 245 | _aლექსები და პოემები | ||
| 245 | _cრედ.გ.ნატროშვილი. მხ.ი.გაბაშვილი | ||
| 260 | _aთბილისი | ||
| 260 | _bსახელგამის მხატვრული ლიტერატურის სექტორი | ||
| 260 | _c1947 | ||
| 300 | _a161, [3]გვ. : 1 ჩართ. ფურც. პორტრ. ; 22სმ. | ||
| 653 | _aლექსები და პოემები | ||
| 942 | _cBK | ||
| 999 |
_c49007 _d49007 |
||